Score 0/10 Timer 01:00
1 Play Today
% Correct
Elin Nordegren
90.3%
J.D. Salinger
87.9%
J. Edgar Hoover
82.4%
Betsy Ross
82.3%
Paul Revere
79.9%
Grandmaster Flash
78.3%
Frank Langella
68.1%
Verne Troyer
64.9%
Hank Greenberg
61.1%
Morris Chestnut
46.2%

Today's Daily Dose

Remove Ads.
Support Sporcle.
Get the best of Sporcle when you Go Orange. This ad-free experience offers more features, more stats, and more fun while also helping to support Sporcle. Thank you for becoming a member.

You're not logged in!

Compare scores with friends on all Sporcle quizzes.
OR
Log In

Show Comments

Extras

Top Quizzes Today


Score Distribution

Your Account Isn't Verified!

In order to create a playlist on Sporcle, you need to verify the email address you used during registration. Go to your Sporcle Settings to finish the process.

Report this User

Report this user for behavior that violates our Community Guidelines.

Details: